Kraje na 4 litery - Statystyki

Ogólne statystyki
  • Ten quiz został rozwiązany 5 222 razy
  • Średni wynik to 6 z 10
Statystyki odpowiedzi
Kontynent Kraj % Poprawnych
Ameryka Południowa Peru
75%
Ameryka Północna Kuba
72%
Azja Irak
69%
Azja Iran
69%
Azja Oman
68%
Afryka Czad
57%
Azja Laos
56%
Afryka Mali
55%
Afryka Togo
49%
Azja Cypr
43%
Nie znaleziono quizów pasujących do podanych kryteriów
Rozkład punktacji
Procent ludzi z każdym wynikiem
Percentyl według liczby udzielonych odpowiedzi
Twoja historia wyników
Nie rozwiązałeś tego quizu